[Event "Florianopolis op 10th"]
[Site "Florianopolis"]
[Date "2024.01.24"]
[Round "6"]
[White "Delgado, Lidio Dias"]
[Black "Nascimento, Pedro Henrique Alve"]
[Result "1/2-1/2"]
[WhiteElo "2110"]
[BlackElo "1946"]
[PlyCount "130"]
[EventDate "2024.01.20"]
[EventType "swiss"]
[EventRounds "10"]
[EventCountry "BRA"]
[SourceTitle "CB05_2024"]
[SourceDate "2024.01.31"]
[SourceVersion "1"]
[SourceVersionDate "2024.01.31"]
[SourceQuality "1"]

1. d4 d5 2. Nf3 e6 3. c4 a6 4. Qc2 dxc4 5. Qxc4 b5 6. Qc2 Bb7 7. e4 Nf6 8. Bd3 Nc6 9. e5 Nb4 10. Qe2 Nxd3+ 11. Qxd3 Nd5 12. a3 c5 13. 0-0 Be7 14. dxc5 Bxc5 15. Bg5 Be7 16. Bxe7 Qxe7 17. Nbd2 0-0 18. Ne4 Nf4 19. Qe3 Bxe4 20. Qxe4 Nd5 21. Rac1 Rac8 22. h4 h6 23. g3 Rc7 24. Nd4 Rfc8 25. Nb3 Rc4 26. Qf3 Qc7 27. Qe2 Rc2 28. Rxc2 Qxc2 29. Qxc2 Rxc2 30. Rb1 Re2 31. Nc5 Rxe5 32. Nxa6 Re2 33. Nc5 Rc2 34. Nd3 Rd2 35. Nc5 Rc2 36. Ne4 Kf8 37. Nd6 Nc7 38. Ne4 Ke7 39. Nc3 e5 40. Re1 Rxb2 41. Rxe5+ Kd7 42. Rf5 f6 43. g4 Rb3 44. Ne4 Rxa3 45. g5 fxg5 46. hxg5 hxg5 47. Rxg5 b4 48. Rxg7+ Kc6 49. Nd2 Rd3 50. Nc4 Rd1+ 51. Kg2 Nb5 52. Rg3 Rc1 53. Ne5+ Kb6 54. Nd3 b3 55. Rg6+ Kb7 56. Rg4 Rc3 57. Rb4 Kb6 58. Nc1 Rxc1 59. Rxb3 Kc5 60. Rb2 Nd4 61. Rb8 Kd5 62. Ra8 Ne6 63. Ra3 Nc5 64. Ra8 Rc2 65. Kf3 Rc3+ 1/2-1/2

[Event "Florianopolis op 9th"]
[Site "Florianopolis"]
[Date "2023.01.26"]
[Round "5"]
[White "Nascimento, Pedro Henrique Alve"]
[Black "Silva, Gabryel Lunardi Car"]
[Result "1/2-1/2"]
[WhiteElo "1978"]
[BlackElo "1697"]
[PlyCount "80"]
[EventDate "2023.01.23"]
[EventType "swiss"]
[EventRounds "10"]
[EventCountry "BRA"]
[SourceTitle "CBM 212 Extra"]
[Source "ChessBase"]
[SourceDate "2023.03.31"]
[SourceVersion "1"]
[SourceVersionDate "2023.03.31"]
[SourceQuality "1"]

1. d4 Nf6 2. c4 g6 3. Nc3 Bg7 4. e4 d6 5. Be3 0-0 6. Nf3 e5 7. d5 Na6 8. Bg5 h6 9. Bh4 g5 10. Bg3 Nxe4 11. Nxe4 f5 12. Nfd2 fxe4 13. Nxe4 Bf5 14. Bd3 c6 15. 0-0 cxd5 16. cxd5 Nb4 17. Bb1 Rc8 18. a3 Na6 19. Nc3 Nc5 20. Bxf5 Rxf5 21. Rc1 a6 22. b4 Nd7 23. Ne4 Rxc1 24. Qxc1 Nb6 25. Qd2 Nc4 26. Qd3 b5 27. Nc5 Rf6 28. Ne6 Qb6 29. Kh1 Bh8 30. h4 g4 31. h5 Qa7 32. Bh4 Qf7 33. Bxf6 Qxh5+ 34. Kg1 Bxf6 35. a4 e4 36. Qxe4 Nd2 37. Qc2 Nxf1 38. Qc8+ Kh7 39. Qd7+ Kg8 40. Qc8+ Kh7 1/2-1/2

[Event "Florianopolis op 9th"]
[Site "Florianopolis"]
[Date "2023.01.23"]
[Round "1"]
[White "Nascimento, Pedro Henrique Alve"]
[Black "Carvalho, Kayle Fabricio Amor"]
[Result "1-0"]
[WhiteElo "1978"]
[BlackElo "1347"]
[PlyCount "147"]
[EventDate "2023.01.23"]
[EventType "swiss"]
[EventRounds "10"]
[EventCountry "BRA"]
[SourceTitle "CBM 212 Extra"]
[Source "ChessBase"]
[SourceDate "2023.03.31"]
[SourceVersion "1"]
[SourceVersionDate "2023.03.31"]
[SourceQuality "1"]

1. d4 d5 2. c4 e6 3. Nc3 Nf6 4. cxd5 exd5 5. Bg5 Be7 6. e3 0-0 7. Bd3 h6 8. Bh4 c6 9. Qc2 Be6 10. Nge2 Nbd7 11. 0-0 Ng4 12. Bg3 Nb6 13. h3 Nf6 14. Rad1 Nc4 15. b3 Nd6 16. f3 Qc8 17. e4 dxe4 18. fxe4 Nde8 19. Nf4 Nc7 20. Rc1 Ba3 21. Rcd1 Bb4 22. e5 Nfd5 23. Ncxd5 Nxd5 24. Nxd5 Bxd5 25. Bc4 Qe6 26. Bd3 Qe7 27. Qe2 c5 28. dxc5 Bxc5+ 29. Kh2 Be6 30. Bb1 Rad8 31. Qe4 g6 32. Bh4 Qc7 33. Rxd8 Rxd8 34. Bxd8 Qxd8 35. Rf6 Bf5 36. Qe1 Be7 37. Rxf5 gxf5 38. Bxf5 Bh4 39. Qe2 Qg5 40. Qg4 Qxg4 41. Bxg4 Be1 42. Kg1 Kg7 43. Kf1 Bc3 44. e6 fxe6 45. Bxe6 Kf6 46. Bd5 b5 47. Ke2 Ke5 48. Bc6 b4 49. Kd3 Kd6 50. Bf3 Kc5 51. a3 Be1 52. a4 a5 53. Ke4 Bd2 54. Ke5 Bc3+ 55. Kf5 Bd2 56. g4 Kd6 57. h4 Kc5 58. g5 Kd6 59. Kf6 hxg5 60. hxg5 Bc3+ 61. Kf7 Ke5 62. g6 Kf4 63. Bd5 Bh8 64. g7 Bxg7 65. Kxg7 Ke5 66. Bc4 Kd6 67. Kf6 Kc5 68. Ke5 Kc6 69. Kd4 Kd6 70. Bb5 Kc7 71. Kc5 Kb7 72. Bc4 Ka7 73. Kb5 Kb7 74. Kxa5 1-0

[Event "Titled Tuesday intern op 22 Mar Early"]
[Site "Chess.com INT"]
[Date "2022.03.22"]
[Round "1"]
[White "Nascimento, Pedro Henrique Alve"]
[Black "Le Ruyet, Leopold"]
[Result "0-1"]
[WhiteElo "1978"]
[BlackElo "2245"]
[PlyCount "60"]
[EventDate "2022.03.22"]
[EventType "swiss (blitz)"]
[EventRounds "11"]
[EventCountry "USA"]
[SourceTitle "CBM 207 Extra"]
[Source "ChessBase"]
[SourceDate "2022.05.31"]
[SourceVersion "1"]
[SourceVersionDate "2022.05.31"]
[SourceQuality "1"]

1. d4 d5 2. c4 dxc4 3. Nf3 Nf6 4. e3 e6 5. Bxc4 a6 6. Nc3 b5 7. Be2 Bb7 8. 0-0 c5 9. dxc5 Qxd1 10. Rxd1 Bxc5 11. a3 Nbd7 12. b4 Be7 13. Bb2 0-0 14. Nd2 Rfc8 15. Bf3 Bxf3 16. Nxf3 Nb6 17. Rac1 Nc4 18. Ba1 Nxa3 19. Ne5 Bxb4 20. Ne2 Nc4 21. Nxc4 Rxc4 22. Rxc4 bxc4 23. Rc1 Rc8 24. Bc3 Nd5 25. Bxb4 Nxb4 26. Nc3 Nd3 27. Ra1 Rc6 28. Kf1 g6 29. Ke2 Rb6 30. Ra2 Nc1+ 0-1

[Event "Titled Tuesday intern op 02nd Mar"]
[Site "Chess.com INT"]
[Date "2021.03.02"]
[Round "4"]
[White "Nascimento, Pedro Henrique Alve"]
[Black "Cramling, Pia"]
[Result "0-1"]
[WhiteElo "1978"]
[BlackElo "2459"]
[PlyCount "58"]
[EventDate "2021.03.02"]
[EventType "swiss (blitz)"]
[EventRounds "11"]
[EventCountry "USA"]
[SourceTitle "CBM 201 Extra"]
[Source "ChessBase"]
[SourceDate "2021.05.31"]
[SourceVersion "1"]
[SourceVersionDate "2021.05.31"]
[SourceQuality "1"]

1. d4 Nf6 2. c4 c5 3. d5 b5 4. Qc2 bxc4 5. e4 d6 6. Bxc4 g6 7. Nc3 Bg7 8. Nf3 0-0 9. Bf4 Ba6 10. Nd2 Qb6 11. 0-0 Nbd7 12. h3 Rfe8 13. Na4 Qb7 14. Rab1 Nh5 15. Bh2 Ne5 16. Bxa6 Qxa6 17. Nc3 Qd3 18. Qc1 Rab8 19. Nd1 Qa6 20. Nc3 Nd3 21. Qc2 Nb4 22. Qd1 Nxa2 23. Nxa2 Qxa2 24. b3 Bd4 25. Nf3 Bg7 26. Nd2 Qa6 27. f4 Qa2 28. f5 a5 29. fxg6 hxg6 0-1

[Event "Titled Tuesday intern op 19th Jan"]
[Site "Chess.com INT"]
[Date "2021.01.19"]
[Round "3"]
[White "Nascimento, Pedro Henrique Alve"]
[Black "Kaganskiy, Gleb"]
[Result "0-1"]
[WhiteElo "1978"]
[BlackElo "2226"]
[PlyCount "96"]
[EventDate "2021.01.19"]
[EventType "swiss (blitz)"]
[EventRounds "11"]
[EventCountry "USA"]
[SourceTitle "CBM 200 Extra"]
[Source "ChessBase"]
[SourceDate "2021.03.31"]
[SourceVersion "1"]
[SourceVersionDate "2021.03.31"]
[SourceQuality "1"]

1. d4 d5 2. c4 e6 3. Nc3 c6 4. e4 dxe4 5. Nxe4 Bb4+ 6. Nc3 Nf6 7. Bg5 c5 8. d5 exd5 9. cxd5 Qxd5 10. Bxf6 Qe6+ 11. Be2 Qxf6 12. Rc1 0-0 13. Nf3 Rd8 14. Qb3 Be6 15. Qc2 Bf5 16. Qb3 Be6 17. Qc2 Bf5 18. Qb3 Nc6 19. 0-0 Bd3 20. Bxd3 Rxd3 21. Nd5 Qf5 22. Ne3 Rxb3 23. Nxf5 Rxb2 24. Rcd1 Rxa2 25. Rd7 h6 26. Nd6 Rf8 27. Rxb7 a5 28. Rc7 Nd4 29. Ne5 a4 30. Ndxf7 a3 31. Ra7 Rb2 32. Nd6 a2 33. Nec4 Rb1 34. Rxa2 Ne2+ 35. Rxe2 Rxf1+ 36. Kxf1 Ra8 37. Re8+ Rxe8 38. Nxe8 Kf7 39. Ned6+ Ke6 40. Ke2 g5 41. f3 h5 42. g3 Kd5 43. h3 Bc3 44. f4 h4 45. gxh4 gxf4 46. Kf3 Bf6 47. h5 Bg5 48. Kg4 Bh6 0-1

[Event "Titled Tuesday intern op 17th Nov"]
[Site "Chess.com INT"]
[Date "2020.11.17"]
[Round "7"]
[White "Zvereva, Margarita"]
[Black "Nascimento, Pedro Henrique Alve"]
[Result "1-0"]
[WhiteElo "1937"]
[BlackElo "1978"]
[PlyCount "81"]
[EventDate "2020.11.17"]
[EventType "swiss (blitz)"]
[EventRounds "11"]
[EventCountry "USA"]
[SourceTitle "CBM 199 Extra"]
[Source "ChessBase"]
[SourceDate "2021.01.31"]
[SourceVersion "1"]
[SourceVersionDate "2021.01.31"]
[SourceQuality "1"]

1. e4 e6 2. d4 d5 3. Nd2 c5 4. Ngf3 dxe4 5. Nxe4 Be7 6. c3 cxd4 7. Nxd4 Nf6 8. Nxf6+ Bxf6 9. Bd3 0-0 10. 0-0 Bd7 11. Be3 Nc6 12. Nxc6 Bxc6 13. Qc2 h6 14. Rad1 Qc7 15. Qe2 Rad8 16. Qg4 Kh8 17. Qh5 Kg8 18. Bxh6 Rfe8 19. Be3 g6 20. Qe2 Bg7 21. h3 a6 22. Rd2 Rxd3 23. Qxd3 Bb5 24. c4 Bxc4 25. Rc1 Bxd3 26. Rxc7 Bb5 27. Rxb7 Rc8 28. g3 Rc1+ 29. Kh2 Rb1 30. Rd8+ Kh7 31. Rxf7 Rxb2 32. Bd4 Rb1 33. Rxg7+ Kh6 34. Rh8+ Kg5 35. h4+ Kg4 36. Rxg6+ Kf3 37. Rf8+ Ke4 38. Be3 Bc6 39. Rxe6+ Kd5 40. Rxc6 Kxc6 41. Rf6+ 1-0

[Event "Titled Tuesday intern op 27th Oct"]
[Site "Chess.com INT"]
[Date "2020.10.27"]
[Round "2"]
[White "Polok, Kacper"]
[Black "Nascimento, Pedro Henrique Alve"]
[Result "1-0"]
[WhiteElo "2271"]
[BlackElo "1978"]
[PlyCount "75"]
[EventDate "2020.10.27"]
[EventType "swiss (blitz)"]
[EventRounds "11"]
[EventCountry "USA"]
[SourceTitle "CBM 199 Extra"]
[Source "ChessBase"]
[SourceDate "2021.01.31"]
[SourceVersion "1"]
[SourceVersionDate "2021.01.31"]
[SourceQuality "1"]

1. e4 e6 2. d4 d5 3. Nc3 Bb4 4. e5 Ne7 5. a3 Bxc3+ 6. bxc3 c5 7. Qg4 0-0 8. Bd3 f5 9. Qg3 Nbc6 10. Nf3 Qc7 11. Kf1 Qa5 12. Bd2 Qa4 13. h4 c4 14. Be2 Qxc2 15. h5 Kh8 16. Rc1 Qe4 17. Rh4 f4 18. Rxf4 Rxf4 19. Bxf4 Bd7 20. Bd1 Qf5 21. h6 gxh6 22. Bc2 Qf7 23. Bxh6 Rg8 24. Qh4 Nf5 25. Bxf5 Qxf5 26. Bg5 Rf8 27. Bf6+ Kg8 28. g4 Qg6 29. Kg2 h5 30. Qxh5 Qxh5 31. gxh5 Be8 32. Rh1 Kh7 33. Ng5+ Kh6 34. Nxe6 Rg8+ 35. Kf3 Bxh5+ 36. Ke3 Kg6 37. Nf4+ Kf7 38. Rxh5 1-0

[Event "Titled Tuesday intern op 20th Oct"]
[Site "Chess.com INT"]
[Date "2020.10.20"]
[Round "10"]
[White "Nascimento, Pedro Henrique Alve"]
[Black "Chos, Alexey"]
[Result "0-1"]
[WhiteElo "1978"]
[BlackElo "2296"]
[PlyCount "70"]
[EventDate "2020.10.20"]
[EventType "swiss (blitz)"]
[EventRounds "11"]
[EventCountry "USA"]
[SourceTitle "EXT 2022"]
[Source "ChessBase"]
[SourceDate "2021.10.06"]
[SourceVersion "1"]
[SourceVersionDate "2021.10.06"]
[SourceQuality "1"]

1. d4 Nf6 2. c4 e6 3. Nc3 Bb4 4. e3 0-0 5. Nge2 d5 6. a3 Be7 7. Ng3 b6 8. Bd3 Bb7 9. 0-0 c5 10. Qe2 Nc6 11. dxc5 bxc5 12. Rd1 d4 13. Nce4 Ne5 14. Nxf6+ Bxf6 15. exd4 Nxd3 16. Rxd3 Bxd4 17. Rb1 Qc7 18. b4 Ba6 19. b5 Bb7 20. Ne4 f5 21. Ng3 e5 22. Nf1 Be4 23. Be3 Bxd3 24. Qxd3 Rad8 25. Bxd4 Rxd4 26. Qc2 f4 27. f3 Qf7 28. Nd2 Rfd8 29. Ne4 Qxc4 30. Qxc4+ Rxc4 31. h3 Rd3 32. b6 axb6 33. Rxb6 Rc1+ 34. Kh2 Rdd1 35. g3 Rc2+ 0-1

[Event "Titled Tuesday intern op 20th Oct"]
[Site "Chess.com INT"]
[Date "2020.10.20"]
[Round "2"]
[White "Popadic, Dragan"]
[Black "Nascimento, Pedro Henrique Alve"]
[Result "1-0"]
[WhiteElo "2147"]
[BlackElo "1978"]
[PlyCount "43"]
[EventDate "2020.10.20"]
[EventType "swiss (blitz)"]
[EventRounds "11"]
[EventCountry "USA"]
[SourceTitle "EXT 2022"]
[Source "ChessBase"]
[SourceDate "2021.10.06"]
[SourceVersion "1"]
[SourceVersionDate "2021.10.06"]
[SourceQuality "1"]

1. e4 e6 2. Nf3 d5 3. e5 c5 4. b4 cxb4 5. d4 Nc6 6. a3 f6 7. axb4 Bxb4+ 8. c3 Bf8 9. Bd3 Qc7 10. Bf4 Nge7 11. 0-0 Ng6 12. Bxg6+ hxg6 13. Bg3 fxe5 14. Nxe5 Nxe5 15. Bxe5 Qf7 16. Nd2 Bd7 17. Nf3 Be7 18. Re1 0-0-0 19. Rxa7 Bc6 20. Bg3 Bd6 21. Bxd6 Rxd6 22. Ra8+ 1-0

[Event "Titled Tuesday intern op 29th Sept"]
[Site "Chess.com INT"]
[Date "2020.09.29"]
[Round "1"]
[White "Nascimento, Pedro Henrique Alve"]
[Black "Sharapov, Evgeny"]
[Result "0-1"]
[WhiteElo "1978"]
[BlackElo "2380"]
[PlyCount "104"]
[EventDate "2020.09.29"]
[EventType "swiss (blitz)"]
[EventRounds "10"]
[EventCountry "USA"]
[SourceTitle "CBM 198 Extra"]
[Source "ChessBase"]
[SourceDate "2020.11.30"]
[SourceVersion "1"]
[SourceVersionDate "2020.11.30"]
[SourceQuality "1"]

1. d4 d5 2. c4 c6 3. cxd5 cxd5 4. Nc3 Nf6 5. Bf4 Nc6 6. e3 a6 7. Bd3 g6 8. Nf3 Bg7 9. Ne5 Nxe5 10. Bxe5 0-0 11. 0-0 b5 12. Rc1 Bb7 13. Ne2 Rc8 14. Qb3 Qd7 15. Nf4 e6 16. Rc5 Rxc5 17. dxc5 Rc8 18. Rc1 Ne4 19. Bxg7 Kxg7 20. Bxe4 dxe4 21. Qc3+ f6 22. b4 e5 23. Ne2 Bc6 24. Ng3 Rd8 25. h3 h5 26. Qc2 f5 27. Qb2 Qd5 28. Ne2 Kh7 29. Nc3 Qd2 30. Qxd2 Rxd2 31. Rd1 Rc2 32. Nd5 a5 33. a3 axb4 34. Nxb4 Rxc5 35. Nxc6 Rxc6 36. Rd5 Rc1+ 37. Kh2 h4 38. Rxe5 Rf1 39. Rxb5 Rxf2 40. a4 Ra2 41. a5 Ra3 42. Re5 Rxe3 43. a6 Ra3 44. Re6 Kg7 45. Kg1 Kf7 46. Rb6 e3 47. Kf1 Ra2 48. Rb7+ Kf6 49. a7 f4 50. Ke1 g5 51. Kf1 Kf5 52. Rf7+ Kg6 0-1

[Event "Titled Tuesday intern op 29th Sept"]
[Site "Chess.com INT"]
[Date "2020.09.29"]
[Round "4"]
[White "Sarkar, Justin"]
[Black "Nascimento, Pedro Henrique Alve"]
[Result "0-1"]
[WhiteElo "2380"]
[BlackElo "1978"]
[PlyCount "52"]
[EventDate "2020.09.29"]
[EventType "swiss (blitz)"]
[EventRounds "10"]
[EventCountry "USA"]
[SourceTitle "CBM 198 Extra"]
[Source "ChessBase"]
[SourceDate "2020.11.30"]
[SourceVersion "1"]
[SourceVersionDate "2020.11.30"]
[SourceQuality "1"]

1. d4 d5 2. c4 e6 3. Nc3 Be7 4. Nf3 Nf6 5. Bg5 h6 6. Bh4 0-0 7. e3 b6 8. Bd3 dxc4 9. Bxc4 Ba6 10. Bxa6 Nxa6 11. Qa4 Qc8 12. Ne5 c5 13. Nc6 Bd8 14. Nxd8 Rxd8 15. Bxf6 gxf6 16. 0-0 cxd4 17. exd4 Nc7 18. Ne4 Nd5 19. Rac1 Qb8 20. Rfd1 Qf4 21. Ng3 Qg5 22. Rc6 Nf4 23. Qb3 h5 24. Qf3 h4 25. Ne4 Qh6 26. Nd6 Nd5 0-1

[Event "Titled Tuesday intern op 22nd Sept"]
[Site "Chess.com INT"]
[Date "2020.09.22"]
[Round "2"]
[White "Nascimento, Pedro Henrique Alve"]
[Black "Yakimova, Mariya"]
[Result "0-1"]
[WhiteElo "1978"]
[BlackElo "2269"]
[PlyCount "72"]
[EventDate "2020.09.22"]
[EventType "swiss (blitz)"]
[EventRounds "10"]
[EventCountry "USA"]
[SourceTitle "CBM 198 Extra"]
[Source "ChessBase"]
[SourceDate "2020.11.30"]
[SourceVersion "1"]
[SourceVersionDate "2020.11.30"]
[SourceQuality "1"]

1. d4 Nf6 2. c4 g6 3. Nc3 Bg7 4. e4 d6 5. Be2 0-0 6. Nf3 e5 7. d5 Nbd7 8. Bg5 h6 9. Bh4 a5 10. Nd2 Nc5 11. 0-0 b6 12. b3 Bd7 13. a3 Qe8 14. Rb1 Nh7 15. b4 axb4 16. axb4 Na4 17. Nxa4 Bxa4 18. Qc1 f5 19. f3 g5 20. Bf2 f4 21. c5 Nf6 22. cxd6 cxd6 23. Bxb6 g4 24. Bf2 g3 25. hxg3 fxg3 26. Bxg3 Nh5 27. Bf2 Nf4 28. Bd1 Qg6 29. g3 Nd3 30. Qc4 Nxf2 31. Kxf2 Qg5 32. Qe2 h5 33. Qe3 Qg6 34. Rg1 Bh6 35. Qd3 Bxd1 36. Rbxd1 Ra2 0-1

[Event "Titled Tuesday intern op 01st Sept"]
[Site "Chess.com INT"]
[Date "2020.09.01"]
[Round "5"]
[White "Senthil, Maran K"]
[Black "Nascimento, Pedro Henrique Alve"]
[Result "1-0"]
[WhiteElo "2246"]
[BlackElo "1978"]
[PlyCount "114"]
[EventDate "2020.09.01"]
[EventType "swiss (blitz)"]
[EventRounds "10"]
[EventCountry "USA"]
[SourceTitle "CBM 198 Extra"]
[Source "ChessBase"]
[SourceDate "2020.11.30"]
[SourceVersion "1"]
[SourceVersionDate "2020.11.30"]
[SourceQuality "1"]

1. d4 d5 2. c4 e6 3. Nf3 Nf6 4. g3 Be7 5. Bg2 0-0 6. Qc2 dxc4 7. Qxc4 Nc6 8. 0-0 Qd5 9. Qa4 Qa5 10. Qc2 Rd8 11. Rd1 Nb4 12. Qb3 c5 13. dxc5 Rxd1+ 14. Qxd1 Qxc5 15. Nc3 Bd7 16. Be3 Qa5 17. a3 Nbd5 18. Bd2 Qb6 19. Qc2 Rc8 20. e4 Nxc3 21. Bxc3 Bc6 22. Ne5 Be8 23. Rd1 Qc7 24. Qe2 Bd6 25. Ng4 Nxg4 26. Qxg4 Bf8 27. Rd2 Rd8 28. Qd1 Rxd2 29. Qxd2 Qd7 30. Qxd7 Bxd7 31. e5 b6 32. Bd4 Be7 33. f4 Kf8 34. Kf2 Ke8 35. Ke3 Kd8 36. Bc3 Kc7 37. Bb4 Bxb4 38. axb4 Bc6 39. Bf1 Bd5 40. Kd4 Kc6 41. g4 b5 42. h4 Bf3 43. g5 Bg4 44. Bg2+ Kb6 45. Be4 h6 46. Bh7 a5 47. bxa5+ Kxa5 48. Kc5 Ka4 49. b4 hxg5 50. fxg5 Bf5 51. Bxf5 exf5 52. h5 f4 53. Kd4 Kxb4 54. h6 f3 55. Ke3 gxh6 56. gxh6 Kc3 57. h7 b4 1-0

[Event "Titled Tuesday intern op 25th Aug"]
[Site "Chess.com INT"]
[Date "2020.08.25"]
[Round "2"]
[White "Nascimento, Pedro Henrique Alve"]
[Black "Bach, Ngoc Thuy Duong"]
[Result "0-1"]
[WhiteElo "1978"]
[BlackElo "2239"]
[PlyCount "110"]
[EventDate "2020.08.25"]
[EventType "swiss (blitz)"]
[EventRounds "10"]
[EventCountry "USA"]
[SourceTitle "CBM 198 Extra"]
[Source "ChessBase"]
[SourceDate "2020.11.30"]
[SourceVersion "1"]
[SourceVersionDate "2020.11.30"]
[SourceQuality "1"]

1. d4 d5 2. c4 e6 3. Nc3 c6 4. e4 dxe4 5. Nxe4 Bb4+ 6. Nc3 c5 7. a3 Bxc3+ 8. bxc3 Nf6 9. Nf3 0-0 10. Bd3 Nbd7 11. 0-0 b6 12. Bg5 Bb7 13. Qe2 h6 14. Bh4 Qc7 15. Bg3 Qc6 16. Rfd1 Rfe8 17. a4 Nh5 18. a5 Nxg3 19. hxg3 Rad8 20. a6 Ba8 21. Ne1 Nf6 22. Qc2 Kh8 23. Nf3 cxd4 24. cxd4 Rxd4 25. Be2 Rxd1+ 26. Rxd1 Rc8 27. Ne1 e5 28. Bf3 e4 29. Be2 Qe6 30. Qd2 Bc6 31. Qd6 Qxd6 32. Rxd6 Kg8 33. f3 Kf8 34. fxe4 Nxe4 35. Rd4 Nc5 36. Bf3 Nxa6 37. Rd6 Bxf3 38. Nxf3 Ke7 39. Rd4 f6 40. Re4+ Kf7 41. Nh4 Nc5 42. Rd4 g6 43. Nf3 Rc7 44. Rd1 Rd7 45. Ra1 a5 46. Rb1 Rd6 47. Kf2 a4 48. Ke3 a3 49. Nd4 a2 50. Ra1 Rxd4 51. Rxa2 Rxc4 52. Ra7+ Ke6 53. Kd2 b5 54. Rb7 b4 55. Rb8 b3 0-1

[Event "Titled Tuesday intern op 18th Aug"]
[Site "Chess.com INT"]
[Date "2020.08.18"]
[Round "2"]
[White "Kozlov, Gennady"]
[Black "Nascimento, Pedro Henrique Alve"]
[Result "1-0"]
[WhiteElo "2386"]
[BlackElo "1978"]
[PlyCount "61"]
[EventDate "2020.08.18"]
[EventType "swiss (blitz)"]
[EventRounds "10"]
[EventCountry "USA"]
[SourceTitle "CBM 197 Extra"]
[Source "ChessBase"]
[SourceDate "2020.09.30"]
[SourceVersion "1"]
[SourceVersionDate "2020.09.30"]
[SourceQuality "1"]

1. b3 d5 2. Bb2 c5 3. e3 a6 4. f4 Nc6 5. Nf3 Nf6 6. Be2 Bg4 7. 0-0 e6 8. h3 Bxf3 9. Bxf3 Be7 10. Qe2 0-0 11. d3 Rc8 12. Nd2 b5 13. a4 Nb4 14. axb5 axb5 15. Rfc1 Qc7 16. Be5 Qb6 17. Nf1 Nd7 18. Bc3 Bf6 19. Bxf6 Nxf6 20. g4 c4 21. bxc4 bxc4 22. d4 Ra8 23. c3 Rxa1 24. Rxa1 Nd3 25. g5 Ne4 26. Bxe4 dxe4 27. Ng3 Qc6 28. Qg2 Rb8 29. Qxe4 Qxe4 30. Nxe4 Rb2 31. Ra8+ 1-0

[Event "Titled Tuesday intern op 21st July"]
[Site "Chess.com INT"]
[Date "2020.07.21"]
[Round "4"]
[White "Nascimento, Pedro Henrique Alve"]
[Black "Rosenberg, Evan"]
[Result "0-1"]
[WhiteElo "1978"]
[BlackElo "2125"]
[PlyCount "66"]
[EventDate "2020.07.21"]
[EventType "swiss (blitz)"]
[EventRounds "10"]
[EventCountry "USA"]
[SourceTitle "CBM 197 Extra"]
[Source "ChessBase"]
[SourceDate "2020.09.30"]
[SourceVersion "1"]
[SourceVersionDate "2020.09.30"]
[SourceQuality "1"]

1. d4 Nf6 2. c4 e6 3. Nc3 Bb4 4. e3 d5 5. Nge2 0-0 6. a3 Bxc3+ 7. Nxc3 b6 8. Bd3 dxc4 9. Bxc4 Bb7 10. 0-0 Nbd7 11. Qe2 c5 12. Rd1 cxd4 13. exd4 Rc8 14. Bg5 Qc7 15. Bd3 h6 16. Bh4 Qf4 17. Bg3 Qg5 18. Nb5 Ba8 19. Nxa7 Rc7 20. Nb5 Rcc8 21. Nd6 Rcd8 22. Nb5 Nh5 23. Nc7 Bc6 24. Be4 Nxg3 25. hxg3 Bxe4 26. Qxe4 Nf6 27. Qf4 Qg6 28. Nb5 Rd5 29. Nc3 Rf5 30. Qe3 Ng4 31. Qe1 Nxf2 32. Rd2 Ng4 33. d5 Qh5 0-1

[Event "Titled Tuesday intern op 21st July"]
[Site "Chess.com INT"]
[Date "2020.07.21"]
[Round "10"]
[White "Prohorov, Olexandr"]
[Black "Nascimento, Pedro Henrique Alve"]
[Result "0-1"]
[WhiteElo "2086"]
[BlackElo "1978"]
[PlyCount "30"]
[EventDate "2020.07.21"]
[EventType "swiss (blitz)"]
[EventRounds "10"]
[EventCountry "USA"]
[SourceTitle "CBM 197 Extra"]
[Source "ChessBase"]
[SourceDate "2020.09.30"]
[SourceVersion "1"]
[SourceVersionDate "2020.09.30"]
[SourceQuality "1"]

1. Nf3 d5 2. d4 Nf6 3. c4 e6 4. Nc3 Be7 5. e3 0-0 6. Qc2 b6 7. Bd3 dxc4 8. Bxc4 Ba6 9. Bxa6 Nxa6 10. 0-0 c5 11. Rd1 Qc8 12. Ne4 Nb4 13. Qb1 cxd4 14. a3 Nc2 15. Ra2 Nxe4 0-1